| 000 -LEADER |
| fixed length control field |
00830nam a22002177a 4500 |
| 005 - DATE AND TIME OF LATEST TRANSACTION |
| control field |
20240408170530.0 |
| 008 - FIXED-LENGTH DATA ELEMENTS--GENERAL INFORMATION |
| fixed length control field |
240408s2007 enk||||| |||| 00| 0 eng d |
| 020 ## - INTERNATIONAL STANDARD BOOK NUMBER |
| International Standard Book Number |
9781416029731x |
| 041 ## - LANGUAGE CODE |
| Language code of text/sound track or separate title |
eng |
| 080 ## - UNIVERSAL DECIMAL CLASSIFICATION NUMBER |
| Universal Decimal Classification number |
616-091 R-66 |
| 245 ## - TITLE STATEMENT |
| Title |
Robbins Basic Pathology / |
| Statement of responsibility, etc. |
Edited by Vinay Kumar, Abul K. Abbas, Nelson Fausto, Richard N. Mitchell |
| 264 ## - PRODUCTION, PUBLICATION, DISTRIBUTION, MANUFACTURE, AND COPYRIGHT NOTICE |
| Place of production, publication, distribution, manufacture |
Philadelphia : |
| Name of producer, publisher, distributor, manufacturer |
Saunders/Elsevier, |
| Date of production, publication, distribution, manufacture, or copyright notice |
2007. |
| 300 ## - PHYSICAL DESCRIPTION |
| Extent |
946 p.: |
| Other physical details |
ill.; |
| Dimensions |
29 cm. |
| 653 ## - INDEX TERM--UNCONTROLLED |
| keyword |
პათოლოგია |
| 653 ## - INDEX TERM--UNCONTROLLED |
| keyword |
მედიცინა |
| 700 ## - ADDED ENTRY--PERSONAL NAME |
| Personal name |
Kumar, Vinay |
| Relator term |
რედაქტორი |
| 9 (RLIN) |
21063 |
| 700 ## - ADDED ENTRY--PERSONAL NAME |
| Personal name |
Abbas, Abul K. |
| Relator term |
რედაქტორი |
| 9 (RLIN) |
7106 |
| 700 ## - ADDED ENTRY--PERSONAL NAME |
| Personal name |
Fausto, Nelson |
| Relator term |
რედაქტორი |
| 9 (RLIN) |
21732 |
| 700 ## - ADDED ENTRY--PERSONAL NAME |
| Personal name |
Mitchell, Richard N. |
| Relator term |
რედაქტორი |
| 9 (RLIN) |
21733 |
| 942 ## - ADDED ENTRY ELEMENTS (KOHA) |
| Source of classification or shelving scheme |
|
| Koha item type |
წიგნი |